| 000 | 00460nam a2200181Ia 4500 | ||
|---|---|---|---|
| 001 | 12969 | ||
| 005 | 20260306163019.0 | ||
| 008 | 260306t2013||||xx |||||||||||||| ||spa|| | ||
| 041 | _aESP | ||
| 082 |
_aRD 498.323 _bC17 V. 2 |
||
| 100 |
_aCalvo Pérez, Julio _eAUT |
||
| 245 | 0 | _aLexicón o vocabulario de la lengua general del Perú | |
| 260 | _c2013 | ||
| 300 |
_a806 páginas : _c27 cm. |
||
| 650 | _aGEN | ||
| 654 | _aCHU | ||
| 942 |
_cLIB _dJUS _fJUS _2ddc _n |
||
| 999 |
_c12969 _d12969 |
||